Central Library OPAC University of Rajshahi
Normal view MARC view

Entry Topical Term

Number of records used in: 2

001 - CONTROL NUMBER

  • control field: 9155

003 - CONTROL NUMBER IDENTIFIER

  • control field: BD-RjUL

005 - DATE AND TIME OF LATEST TRANSACTION

  • control field: 20230924135027.0

008 - FIXED-LENGTH DATA ELEMENTS

  • fixed length control field: 230924|| aca||aabn | a|a d

040 ## - CATALOGING SOURCE

  • Original cataloging agency: BD-RjUL
  • Transcribing agency: BD-RjUL

150 ## - HEADING--TOPICAL TERM

  • Topical term or geographic name entry element: Salts
  • General subdivision: chlorine dioxide & chlorite

670 ## - SOURCE DATA FOUND

  • Source citation: Work cat.: (BD-RjUL)81976: ROUF, MD. ABDUR 9154, The effect of sulfuric acid, persulfate and acetic anhydride on the preparation of chlorine dioxide from chlorite solution /, 2013